Heimische Käfer - Statistiken

Allgemein
  • Dieses Quiz wurde 147 mal gespielt
  • Das Durchschnittsergebnis liegt bei 8 aus 65
Antwortstatistiken
Bildquiz Antwort % Korrekt
Hirschkäfer
92%
Kartoffelkäfer
73%
Junikäfer
68%
Nashornkäfer
55%
Siebenpunkt-Marienkäfer
52%
Zweipunkt-Marienkäfer
51%
Gelbrandkäfer
32%
Asiatischer Marienkäfer
26%
Alpenbock
23%
Waldmistkäfer
23%
Feldmaikäfer
18%
Gemeiner Rosenkäfer
18%
Waldmaikäfer
15%
Balkenschröter
14%
Goldlaufkäfer
12%
Buchdrucker
11%
Eremit
11%
Gartenlaubkäfer
11%
Lederlaufkäfer
11%
Moschusbock
11%
Eichelbohrer
10%
Kleiner Leuchtkäfer
10%
Gemeiner Mistkäfer
8%
Großer Rosenkäfer
8%
Heldbock
8%
Trauer-Rosenkäfer
7%
Ameisen-Blattkäfer
5%
Gemeiner Totengräber
5%
Grüner Schildkäfer
5%
Schwarzblauer Ölkäfer
5%
Schwefelkäfer
5%
Echter Widderbock
4%
Feld-Sandlaufkäfer
4%
Gemeines Spargelhähnchen
4%
Haselblattroller
4%
Stierkäfer
4%
Tatzenkäfer
4%
Augenmarienkäfer
3%
Blaugrüner Schenkelkäfer
3%
Gemeiner Bienenkäfer
3%
Lilienhähnchen
3%
Rothalsbock
3%
Scharlachroter Feuerkäfer
3%
Schwarzer Moderkäfer
3%
Blauer Erlenblattkäfer
1%
Gefleckter Weidenblattkäfer
1%
Gemeiner Weichkäfer
1%
Gemeiner Wollkäfer
1%
Glänzender Blütenprachtkäfer
1%
Goldstaub-Laubkäfer
1%
Großer Puppenräuber
1%
Kleiner Schmalbock
1%
Kräuterdieb
1%
Mausgrauer Schnellkäfer
1%
Nesselblattrüssler
1%
Schilfkäfer
1%
Stolperkäfer
1%
Uferkurzflügler
1%
Wollkrautblütenkäfer
1%
Zweifleckiger Zipfelkäfer
1%
Gebänderter Pinselkäfer
0%
Gefleckter Schmalbock
0%
Großer Breitrüssler
0%
Kaiserlicher Kurzflügler
0%
Rothalsiges Getreidehähnchen
0%
Keine übereinstimmenden Quizze gefunden
Verteilung der Resultate
Anzahl Personen mit jedem Resultat
Perzentil nach korrekt beantworteten Fragen
Ihre Resultats-Entwicklung
Sie haben dieses Quiz noch nicht gespielt